00942nam a2200289 a 450000100100000000500170001000800410002702000180006808200170008610000250010324501740012826000300030230000110033250000680034365000080041165000260041965000190044565000220046465000150048665000100050165000130051170000250052470000280054970000240057770000300060170000210063100004059920200120222344.0990315s2007 ck gr 0 000 d a978958380135804a739.227bB15 aBotero, Clara Isabel10aMuseo del oro :bPatrimonio milenario de Colombia /cClara Isabel Botero, Roberto Lleras Pérez, Santiago Londoño, Efraín Sánchez Cabra; fotografías: Juan Mayr. aBogotá :bF.E.C,c2007. a271 p. aEj.1 de Mosquera donado por la Biblioteca Nacional - PNLB 2012.17aOro27aTratamiento del metal27aMetal precioso27aTrabajo del metal27aMetalurgia27aMuseo27aHistoria1 aBotero, Clara Isabel1 aLleras Pérez, Roberto1 aLondoño, Santiago1 aSánchez Cabra, Efraín1 aMayr, Juanefot.